000 00414cam a2200169ua 4500
020 _c1.00
041 _amal
_h
082 _a324
_bMUH/VI
100 _aMohammed, Kunju M.
245 _aVishwarashtrawa bharanakhadanakal /
_cM Mohammed Kunju.
_hTextual Documents
260 _aKottayam :
_bNational Book Stall.
300 _a119 ; .
365 _a1.00
504 _a
942 _cBK
999 _c4539
_d4539